00626nam a2200193Ia 45000010005000000080041000050200018000460400013000640820019000771000022000962450092001182600042002103000011002525460007002637000032002709420007003029990015003099520108003245927140319s9999 xx 000 0 und d a0-13-263104-0 cPK-LaUMT a 153.15bHER-I aHergenhahn, B. R. 3aAn introduction to theories of learningcHergenhahn, B. R.<>Olson, Mathew H., Jt. Auth. aNew Jersey,USA:bPrentice-Hall,c1997 a502 p. aEN aOlson, Mathew H., Jt. Auth. cBK c7144d7144 00104070a01b01d2014-03-19l1o 153.15 HER-Ip6187r2023-01-20 00:00:00s2023-01-14w2014-03-19yBK